Central Library OPAC University of Rajshahi

The wolf cub's handbook / (Record no. 49442)

MARC details
000 -LEADER
fixed length control field 00765nam a2200229 a 4500
001 - CONTROL NUMBER
control field 49442
003 - CONTROL NUMBER IDENTIFIER
rucl marc code BD-RjUL
005 - DATE AND TIME OF LATEST TRANSACTION
control field 20211209054700.0
008 - FIXED-LENGTH DATA ELEMENTS--GENERAL INFORMATION
fixed length control field 961025m19641926enk 000 0 eng d
035 ## - SYSTEM CONTROL NUMBER
System control number (BD-RjUL)49561
040 ## - CATALOGING SOURCE
Original cataloging agency BD-RjUL
Transcribing agency EQO
Language of cataloging eng
Modifying agency BD-RjUL
041 ## - LANGUAGE CODE
Language code of text/sound track or separate title eng
082 ## - DEWEY DECIMAL CLASSIFICATION NUMBER
Edition number 23
Classification number 369.43
Author mark and year BAW 1964
100 1# - MAIN ENTRY--PERSONAL NAME
Personal name Baden-Powell of Gilwell, Robert Stephenson Smyth Baden-Powell,
Dates associated with a name 1857-1941.
9 (RLIN) 143028
245 14 - TITLE STATEMENT
Title The wolf cub's handbook /
Statement of responsibility, etc. Baden-Powell of Gilwell, Robert Stephenson Smyth Baden-Powell,
250 ## - EDITION STATEMENT
Edition statement 7th- ed.
260 ## - PUBLICATION, DISTRIBUTION, ETC. (IMPRINT)
Place of publication, distribution, etc. London :
Date of publication, distribution, etc. C. Arthur pearson ltd,
Name of publisher, distributor, etc. 1926[Reprinted1964]
300 ## - PHYSICAL DESCRIPTION
Pagination 256 p. :
Illustrations ill. ;
Size 18 cm.
500 ## - GENERAL NOTE
General note Includes Index
650 ## - SUBJECT ADDED ENTRY--TOPICAL TERM
Topical term or geographic name as entry element Cub Scouts
General subdivision Handbooks, manuals
9 (RLIN) 148398
942 ## - ADDED ENTRY ELEMENTS (KOHA)
Source of classification or shelving scheme Dewey Decimal Classification
Koha item type Books
Holdings
Lost status Source of classification or shelving scheme Damaged status Not for loan Collection code Permanent Location Current Location Shelving location Date acquired Source of acquisition Total Checkouts Full call number Date last seen Copy number Koha item type
  Dewey Decimal Classification     Non-fiction Central Library, University of Rajshahi Central Library, University of Rajshahi   25/01/1965 Sweets and zeitlinger   369.43 BAW 1964 20/08/2016 C-2 Books
  Dewey Decimal Classification     Non-fiction Central Library, University of Rajshahi Central Library, University of Rajshahi   25/01/1965 Sweets and zeitlinger   369.43 BAW 1964 20/08/2016 C-3 Books